000 00802nam a2200253Ia 4500
003 OSt
005 20220918171143.0
006 a|||||r|||| 00| 0
007 ta
008 220917b |||||||| |||| 00| 0 eng d
020 _a9781403997067 (hbk)
_c6362.23
024 _a289,058
037 _b391, 31/12/2015, Kiran Book Service
_cTextual
040 _aARTS
_cARTS
_beng
041 _2eng
_aeng
082 _aO111,3M82:g, P8
100 _aSimpson Kathryan
_934538
245 0 _aGifts markets and economics of desire in virginia woolf
260 _aNew York
_bPalgrave Macmillan U.S.A
_c2008
300 _aix, 200
_ccm.
650 _aENGLISH LITERATURE
942 _hO111,3M82:g, P8
_cTEXL
_2CC
999 _c138140
_d138140